| 000 | 00637nam a2200205 a 4500 | ||
|---|---|---|---|
| 005 | 20140310183554.0 | ||
| 008 | 111027s19uu xx 00 eng d | ||
| 020 | _a9780415483506 | ||
| 050 |
_aPN 3171 _b.T365 2010 |
||
| 100 | _aTandy, Miles | ||
| 245 |
_aCreating Drama with 7-11 years old : _blesson ideas to integrate drama into the primary curriculum / _cMiles Tandy and Jo Howell. |
||
| 260 |
_aLondon : _bRoutledge, _c2010. |
||
| 300 |
_a153 p. : _bill. ; _c24 cm. |
||
| 521 | _aEDU | ||
| 650 | _aDrama in education | ||
| 650 |
_aDrama _xstudy and teaching |
||
| 700 | _aHowell, Jo | ||
| 942 |
_cBK _2lcc _kFOR |
||
| 999 |
_c25006 _d25006 |
||